书目信息 |
| 题名: |
微粉与新型耐火材料
|
|
| 作者: | 李晓明 著 | |
| 分册: | ||
| 出版信息: | 北京 冶金工业出版社 1997.06 |
|
| 页数: | 298页 | |
| 开本: | 32开 | |
| 丛书名: | ||
| 单 册: | ||
| 中图分类: | TQ175.4 | |
| 科图分类: | ||
| 主题词: | 耐火材料--化学工业 | |
| 电子资源: | ||
| ISBN: | 7-5024-2034-7 | |
| 000 | 00567nam0 2200193 45 | |
| 001 | 0010221679 | |
| 005 | 20001022161450.1 | |
| 010 | @a7-5024-2034-7@d21.00元 | |
| 100 | @a20001022d1997 km y0chiy0120 ea | |
| 101 | 0 | @achi |
| 105 | @a z 000yy | |
| 200 | 1 | @a微粉与新型耐火材料@AWei Fen Yu Xin Xing Nai Huo Cai Liao@f李晓明著@FLi Xiao Ming Zhu |
| 210 | @a北京@c冶金工业出版社@d1997.06 | |
| 215 | @a298页@d32开 | |
| 606 | 0 | @a耐火材料@x化学工业 |
| 690 | @aTQ175.4@v3 | |
| 701 | 0 | @a李晓明@4著 |
| 801 | @aCN@bPftUser@c20001022 | |
| 905 | @b182655-659@dTQ175.4@eL542@f5 | |
| 微粉与新型耐火材料/李晓明著.-北京:冶金工业出版社,1997.06 |
| 298页;32开 |
| ISBN 7-5024-2034-7:21.00元 |
| ● |
| 相关链接 |
|
|
|
正题名:微粉与新型耐火材料
索取号:TQ175.4/L542
 
预约/预借
| 序号 | 登录号 | 条形码 | 馆藏地/架位号 | 状态 | 备注 |
| 1 | 182655 | 201826550 | 材料与化工学院资料室/ [索取号:TQ175.4/L542] | 在馆 | |
| 2 | 182656 | 201826569 | 材料与化工学院资料室/ [索取号:TQ175.4/L542] | 在馆 | |
| 3 | 182657 | 201826578 | 自科库501/501自科库 140排1列4层/ [索取号:TQ175.4/L542] | 在馆 | |
| 4 | 182658 | 201826587 | 自科库501/501自科库 140排1列4层/ [索取号:TQ175.4/L542] | 在馆 | |
| 5 | 182659 | 201826596 | 自科库501/501自科库 140排1列4层/ [索取号:TQ175.4/L542] | 在馆 |